| 000 | 00662nam a2200205Ia 4500 | ||
|---|---|---|---|
| 003 | GCL | ||
| 008 | 140319s9999 xx 000 0 ara d | ||
| 040 |
_aGCL / _cGCL |
||
| 082 | 0 | 4 |
_a372.52030 _bم م |
| 100 | 1 | _aمحمد البسيونى | |
| 245 | 1 | 0 |
_aمصطلحات التربية عربى-انجليزى\انجليزى- عربى Art Education Terms E\A A\E / _cمحمد البسيونى |
| 260 |
_a[S.N] : _bدار المعارف ، _c1992 |
||
| 300 | _aمتعدد الترقيم | ||
| 490 | _a | ||
| 650 | 0 | 4 | _aالتعليم |
| 650 | 0 | 4 | _aالاجتماع |
| 650 | 0 | 4 | _aالقواميس |
| 650 | 0 | 4 | _aالتربية الفنية |
| 942 |
_2ddc _cBK |
||
| 999 |
_c31139 _d31139 |
||